00706nam a2200193Ia 4500008004100000020001300041082001400054100002300068245012900091250000700220260003700227300002800264500001900292600003300311650001600344942000700360952013000367999001500497240925s9999 xx 000 0 und d a70990107 a515.9 SPI aSpiegel, Murray R. 0aSchaums Outloine Series Theory and Problams of Complex Variables: wit introduction to conformal mapping and its applications aNA aSingapore:bMc Graw Hillc,1988. axii,436p.bNAfOriginal aIncludes Index aHumanities & Natural Science aMathematics cBK 001040708HUMaUITUbUITUd1997-11-18eVimko Book Sellers g65.00l0o515.9 SPIpQ1145r2024-09-25 07:12:20w2024-09-25yBK c3644d3644